00697nam a22001813a 450000500170000000800410001702000180005804000510007604100080012710000260013524501610016126000420032230000180036450400410038265000190042365000290044265000440047120140903175037.0140324s2013 ag fr 010 0 spa d a9789872837921 aCO-BoUCMbspacJose A. GerenadDiana Londoño aspa1 aBusato, Paulo César10aDerecho penal y acción significativabla función del concepto de acción en derecho penal a partir de la filosofía del lenguajecPaulo César Busato aBuenos Aires (Argentina)bDidotc2013 a296 páginas aIncluye referencias bibliográficas 7aAcción penal 7aFilosofía del lenguaje 7aTeoría del delito (Derecho comparado)